000 00564nam a22002057a 4500
003 OSt
005 20241104111422.0
008 241104b |||||||| |||| 00| 0 eng d
020 _a0521875117
040 _cmust
082 _2621.38 XUN
100 _aXunjing,Li
_919309
245 _aOptoelectronic devices design, modeling and simulation/
_cLi Xunjing
260 _aUK:
_bPeason;
_cc2004.
300 _axvi,636p.:
_bill.;
_c23cm.
500 _aIncludes index
650 _2Optoelectronic devices
700 _aedited by Gupta, S.C
_919310
942 _2ddc
_cB_BANK
999 _c9469
_d9469